The sociology of Marx

Wedi'i Gadw mewn:
Manylion Llyfryddiaeth
Prif Awdur: Lefebvre, Henri
Fformat: Llyfr
Iaith:Undetermined
Cyhoeddwyd: New York Pantheon Books 1968
Pynciau:
Tagiau: Ychwanegu Tag
Dim Tagiau, Byddwch y cyntaf i dagio'r cofnod hwn!
Thư viện lưu trữ: Trung tâm Học liệu Trường Đại học Cần Thơ
LEADER 00514nam a2200181Ia 4500
001 CTU_91573
008 210402s9999 xx 000 0 und d
082 |a 301 
082 |b L489 
100 |a Lefebvre, Henri 
245 4 |a The sociology of Marx 
245 0 |c Henri Lefebvre; translated from the French by Norbert Guterman 
260 |a New York 
260 |b Pantheon Books 
260 |c 1968 
650 |a Communism and society 
904 |i Bằng 
980 |a Trung tâm Học liệu Trường Đại học Cần Thơ